Statistics for 2016-2017 Golden State Warriors roster

Click here to take the quiz!

General Stats

  • This quiz has been taken 14 times
  • The average score is 10 of 18

Answer Stats

HintAnswer% Correct
23Draymond Green
100%
35Kevin Durant
100%
11Klay Thompson
100%
30Stephen Curry
100%
Head CoachSteve Kerr
100%
9Andre Iguodala
86%
5Kevon Looney
86%
34Shaun Livingston
79%
27Zaza Pachulia
71%
1JaVale McGee
57%
3David West
43%
0Patrick McCaw
36%
22Matt Barnes
29%
18Anderson Varejão
21%
21Ian Clark
21%
15Damian Jones
14%
2Briante Weber
0%
20James Michael McAdoo
0%

Score Distribution

Percentile by Number Answered

Percent of People with Each Score

Your Score History

You have not taken this quiz